000 00934cab a2200277 4500
001 ABS49796
008 090401t1993 xxu||||| |||| 00| 0 eng d
035 _a(Sirsi) u72771
041 _aeng
100 _aCullen, C.
245 _aWhen does liability start for historic pollution?
260 _c1993
350 _a0
490 _aConstruction News
_v(6346) 23 December 1993, 6(1)
520 _aThe HL decision in "Cambridge Water Co Ltd v Eastern Counties Leather plc" has determined the extent to which a party can be retrospectively liable for historic pollution. This article examines the judgment.
650 _aCAMBRIDGE WATER CO LTD V EASTERN COUNTIES LEATHER PLC (HL)
650 _aContamination
_96231
650 _aHISTORIC POLLUTION
650 _aLIABILITY
650 _aNEGLIGENCE
650 _aPOLLUTION
650 _aWATER SUPPLY
690 _aEnvironment
_96238
942 _n0
948 _c04/03/1997
999 _c45990
_d45990